PHYSICAL CHEMISTRY (Record no. 10054)

MARC details
000 -LEADER
fixed length control field 00278nam a22001337a 4500
003 - CONTROL NUMBER IDENTIFIER
control field SGT
082 ## - DEWEY DECIMAL CLASSIFICATION NUMBER
Classification number 541 SPA
100 ## - MAIN ENTRY--PERSONAL NAME
Personal name SPAH D.C
245 ## - TITLE STATEMENT
Title PHYSICAL CHEMISTRY
260 ## - PUBLICATION, DISTRIBUTION, ETC. (IMPRINT)
Place of publication, distribution, etc MEERUT
Name of publisher, distributor, etc PRAGATI PRAKASHAN
Year of Publication 2016
300 ## - PAGE DESCRIPTION
No. of Pages 346
650 ## - SUBJECT ADDED ENTRY--TOPICAL TERM
Topical term or geographic name as entry element CHEMISTRY
942 ## - ADDED ENTRY ELEMENTS (KOHA)
Source of classification or shelving scheme Dewey Decimal Classification
Koha item type FPS Books
942 ## - ADDED ENTRY ELEMENTS (KOHA)
-- 53
Holdings
Withdrawn status Lost status Source of classification or shelving scheme Damaged status Not for loan Collection code Home library Current library Shelving location Date acquired Vendor Name Cost, normal purchase price Volume Information (Serial or Books or Non-Book Material) SGTU Bill Number Total Checkouts Full call number Accession No. (Barcode) Date last seen Date last borrowed Bill Date Koha item type Total Renewals
    Dewey Decimal Classification     SCIENCE SGT Science & Social Sciences Library SGT Science & Social Sciences Library Text Book 26/11/2016 PRAGATI PRAKASHAN 300.00 3 SGTU 7099 24 541 SPA PS2845 14/11/2022 02/11/2022 26/09/2016 FPS Books  
    Dewey Decimal Classification     SCIENCE SGT Science & Social Sciences Library SGT Science & Social Sciences Library Text Book 26/11/2016 PRAGATI PRAKASHAN 300.00 3 SGTU 7099 22 541 SPA PS2846 26/10/2022 08/10/2022 26/09/2016 FPS Books  
    Dewey Decimal Classification     SCIENCE SGT Science & Social Sciences Library SGT Science & Social Sciences Library Text Book 26/11/2016 PRAGATI PRAKASHAN 300.00 3 SGTU 7099 24 541 SPA PS2847 21/01/2023 07/01/2023 26/09/2016 FPS Books 2
    Dewey Decimal Classification     SCIENCE SGT Science & Social Sciences Library SGT Science & Social Sciences Library Text Book 26/11/2016 PRAGATI PRAKASHAN 300.00 1 SGTU 7099 42 541 SPA PS2862 17/06/2025 12/06/2025 26/09/2016 FPS Books  
    Dewey Decimal Classification     SCIENCE SGT Science & Social Sciences Library SGT Science & Social Sciences Library Text Book 26/11/2016 PRAGATI PRAKASHAN 300.00 1 SGTU 7099 42 541 SPA PS2863 17/06/2025 10/06/2025 26/09/2016 FPS Books 4
    Dewey Decimal Classification     SCIENCE SGT Science & Social Sciences Library SGT Science & Social Sciences Library Text Book 26/11/2016 PRAGATI PRAKASHAN 300.00 1 SGTU 7099 44 541 SPA PS2864 31/05/2025 22/05/2025 26/09/2016 FPS Books 2